Lisburn Trivia - Statistics

General Stats
  • This quiz has been taken 16 times
  • The average score is 11 of 26
Answer Stats
Hint Answer % Correct
Located in which two counties? County AntrimCounty Down
100%
Located in this council area Lisburn and Castlereagh
83%
Northern Ireland's first railway terminated here when it opened in 1839. What was its name? Ulster Railway
83%
Granted city status in this year 2002
75%
Racecourse located nearby Down Royal
67%
Located on this river Lagan
67%
NIFL football team Lisburn Distillery
67%
Population 45,370
58%
Large shopping complex located south of the city Sprucefield
58%
Barracks housing the headquarters of the British Army in Northern Ireland Thiepval Barracks
58%
Independent brewery based here; oldest in Ireland Hilden
50%
Infamous prison located nearby, which housed republican prisoners; closed in 2000 HMP Maze
50%
The birthplace and major centre of this area of Irish manufacturing Linen
50%
Former name of town Lisnagarvey
50%
Primary news anchor for BBC Newsline hailing from the city Donna Traynor
42%
Parliamentary constituency the city is located in Lagan Valley
33%
Meaning of name Ring fort on the stream
25%
Multinational company whose Northern Irish head offices are located here Coca Cola
17%
Railway which served the city prior to nationalisation Great Northern Railway of Ireland
17%
A statue of this soldier who partook in the Indian Rebellion of 1857 stands in the city John Nicholson
8%
The only place in the United Kingdom to have these Wallace fountains
8%
Public body headquartered in city Northern Ireland Fire and Rescue Service
0%
Actor born in city best known for roles in Rome, 2004's King Arthur and the Thor franchise Ray Stevenson
0%
Zoologist best known for work in biomechanics; professor at University of Leeds Robert McNeill Alexander
0%
Welsh family who owned an estate where the town is now; helped to develop the old town The Conways
0%
Current guitarist for Def Leppard Vivian Campbell
0%
No matching quizzes found
Score Distribution
Percent of People with Each Score
Percentile by Number Answered
Your Score History
You have not taken this quiz